|
|
|
|
| LEADER |
00000ny a22000003n 4500 |
| 005 |
20110608101747.0 |
| 008 |
071015s2001 sp s 000 0 spa d |
| 035 |
|
|
|a 48
|
| 040 |
|
|
|a UCN
|d vLex
|
| 090 |
|
|
|c 561
|d 561
|
| 245 |
0 |
0 |
|a Compendio Audelco de Prevencin̤ de Riesgos Laborales
|h [Recurso electrn̤ico]
|
| 256 |
|
|
|a Servicio en ln̕ea
|
| 260 |
|
|
|a [S.l.] :
|b [s.n.],
|c [2001?]
|
| 300 |
|
|
|a 1 v. (pag. var.)
|
| 506 |
1 |
|
|a Contenido solo disponible en los productos indicados
|d vLex Global
|d vLex Global (Academic Edition, excluding Law Schools)
|d vLex Global (U.S. Academic Edition, Law Schools)
|d vLex Global (U.S. Academic Edition, excluding Law Schools)
|d vLex Global (Academic Edition, Law Schools)
|
| 650 |
0 |
7 |
|a Seguridad social
|2 Tesauro vLex
|
| 650 |
0 |
7 |
|a Prevencin̤ de riesgos laborales
|2 Tesauro vLex
|
| 710 |
2 |
|
|a Audelco
|
| 740 |
0 |
|
|a vLex Libros (Servicios en ln̕ea)
|
| 856 |
4 |
0 |
|u http://vlex.com/source/48
|z Acceso restringido
|
| 942 |
|
|
|c BOOK
|
| 999 |
0 |
|
|a Social security
|b Espaą
|